00384naa a2200145 a 450000100080000000500110000800800410001910000210006024500320008126000090011365300090012265300120013165300180014377300770016110395482005-09-13 1979 bl uuuu u00u1 u #d1 aPAIVA, B. M. de. aAlhobabastecimento normal. c1979 aalho aMercado aPrecos medios tInforme Agropecuario, Belo Horizontegv. 5, n. 53, p. 24-26, maio, 1979.